Let God Sort Em Out Tracklist (Clipse) - Statistics

General Stats
  • This quiz has been taken 94 times
  • The average score is 11 of 13
Answer Stats
# Title % Correct
1 The Birds Don't Sing (with John Legend and Voices of Fire)
95%
2 Chains and Whips (with Kendrick Lamar)
92%
3 P.O.V. (with Tyler, the Creator)
92%
4 So Be It
92%
9 F.I.C.O. (with Stove God Cooks)
90%
12 Let God Sort Em Out/Chandeliers (with Nas)
90%
7 M.T.B.T.T.F.
89%
5 Ace Trumpets
82%
13 By the Grace of God (with Pharrell Williams)
80%
8 E.B.I.T.D.A. (with Pharrell Williams)
75%
10 Inglorious Bastards (with Ab-Liva)
72%
6 All Things Considered (with The-Dream and Pharrell Williams)
66%
11 So Far Ahead (with Pharrell Williams)
66%
No matching quizzes found
Score Distribution
Percent of People with Each Score
Percentile by Number Answered
Your Score History
You have not taken this quiz